书目信息 |
| 题名: |
世界中古史
|
|
| 作者: | 孔祥民 主编 | |
| 分册: | ||
| 出版信息: | 北京 北京师范大学出版社 2006 |
|
| 页数: | 270页 | |
| 开本: | 23cm | |
| 丛书名: | ||
| 单 册: | ||
| 中图分类: | K13 | |
| 科图分类: | ||
| 主题词: | 世界史--中世纪史--高等学校--教材 , 世界史 , 中世纪史 | |
| 电子资源: | ||
| ISBN: | 7-303-03780-2 | |
| 000 | 00828nam0 2200265 450 | |
| 001 | 003187959 | |
| 005 | 20070803143814.73 | |
| 010 | @a7-303-03780-2@dCNY28.00 | |
| 100 | @a20060627d2006 em y0chiy0110 ea | |
| 101 | 0 | @achi |
| 102 | @aCN@b110000 | |
| 105 | @aa z 000yy | |
| 200 | 1 | @a世界中古史@9shi jie zhong gu shi@f孔祥民主编 |
| 205 | @a2版 | |
| 210 | @a北京@c北京师范大学出版社@d2006 | |
| 215 | @a270页@c图@d23cm | |
| 300 | @a新世纪高等学校教材 历史学专业基础课程系列教材 | |
| 330 | @a本书讲述了西欧封建制度的产生、西欧城市的兴起和十字军东侵、西欧封建制度的发展、东欧的封建国家等内容。 | |
| 606 | 0 | @a世界史@x中世纪史@x高等学校@j教材 |
| 606 | 0 | @a世界史 |
| 606 | 0 | @a中世纪史 |
| 690 | @aK13@v4 | |
| 701 | 0 | @a孔祥民@9kong xiang min@c(文史)@4主编 |
| 801 | 0 | @aCN@bNLC@c20070803 |
| 905 | @a10447@dK13@e181=2 | |
| 世界中古史/孔祥民主编.-2版.-北京:北京师范大学出版社,2006 |
| 270页:图;23cm |
| 新世纪高等学校教材 历史学专业基础课程系列教材 |
| ISBN 7-303-03780-2:CNY28.00 |
| 本书讲述了西欧封建制度的产生、西欧城市的兴起和十字军东侵、西欧封建制度的发展、东欧的封建国家等内容。 |
| ● |
| 相关链接 |
|
|
|
|
正题名:世界中古史
索取号:K13/181=2
 
预约/预借
| 序号 | 登录号 | 条形码 | 馆藏地/架位号 | 状态 | 备注 |
| 1 | 0801537 | 208015379 | 第二样本阅览室/ [索取号:K13/181=2] | 在馆 | |
| 2 | 0801538 | 208015388 | 第二借阅区/ [索取号:K13/181=2] | 在馆 | |
| 3 | 0801539 | 208015397 | 第二借阅区/ [索取号:K13/181=2] | 在馆 | |
| 4 | 0801540 | 208015404 | 第二借阅区/ [索取号:K13/181=2] | 在馆 | |
| 5 | 0801541 | 208015413 | 第二借阅区/ [索取号:K13/181=2] | 在馆 | |
| 6 | 0801542 | 208015422 | 第二借阅区/ [索取号:K13/181=2] | 在馆 | |
| 7 | 0801543 | 208015431 | 第二借阅区/ [索取号:K13/181=2] | 在馆 | |
| 8 | 0801544 | 208015440 | 第二借阅区/ [索取号:K13/181=2] | 在馆 | |
| 9 | 0801545 | 208015459 | 第二借阅区/ [索取号:K13/181=2] | 在馆 | |
| 10 | 0801546 | 208015468 | 第二借阅区/ [索取号:K13/181=2] | 在馆 |